[Event "ICS rated blitz match"]
[Site "207.99.83.227"]
[Date "1999.04.17"]
[Round "?"]
[White "WWWebbyTWeasel"]
[Black "Hossa"]
[Result "0-1"]
[WhiteElo "2131"]
[BlackElo "2577"]
[PlyCount "32"]

1. d4 Nf6 2. Nf3 e6 3. c4 Be7 4. g3 d5 5. Bg2 dxc4 6. O-O c5 7. Nc3 cxd4 8.
Nxd4 O-O 9. e4 e5 10. Nde2 Nc6 11. Be3 Ng4 12. Bd2 Nb4 13. h3 Nf6 14. f4 Nd3
15. Qa4 Nxb2 16. Qb5 16... Qxd2 {WWWebbyTWeasel resigns} 0-1

[Event "ICS rated blitz match"]
[Site "207.99.83.227"]
[Date "1999.04.17"]
[Round "?"]
[White "Hossa"]
[Black "WWWebbyTWeasel"]
[Result "1-0"]
[WhiteElo "2579"]
[BlackElo "2129"]
[PlyCount "53"]

1. e4 e5 2. Nf3 Nc6 3. Bc4 Nf6 4. Ng5 d5 5. exd5 Nxd5 6. Qh5 g6 7. Qf3 Be6 8.
Nxe6 fxe6 9. d3 Nd4 10. Qd1 Bc5 11. c3 Nf5 12. Nd2 Nf4 13. Ne4 Nxg2+ 14. Kf1
O-O 15. Kxg2 Nh4+ 16. Kf1 Bxf2 17. Nxf2 Rxf2+ 18. Kxf2 Qf6+ 19. Ke1 Nf3+ 20.
Ke2 Rf8 21. Bh6 Rf7 22. Qa4 c6 23. Qxa7 Nd4+ 24. cxd4 Qf2+ 25. Kd1 Qf3+ 26. Kc2
Qg2+ 27. Kb3 {WWWebbyTWeasel resigns} 1-0

[Event "ICS rated blitz match"]
[Site "207.99.83.227"]
[Date "1999.04.17"]
[Round "?"]
[White "Hossa"]
[Black "WWWebbyTWeasel"]
[Result "0-1"]
[WhiteElo "2583"]
[BlackElo "2125"]
[Annotator "Crafty v16.6"]
[PlyCount "77"]

{annotating for player ossa  using a scoring margin of +0.10 pawns.  search
time limit is 10.00} 1. e4 1... e5 2. Nf3 Nc6 3. Bb5 f5 4. exf5 e4 5. Qe2 ({
8:-0.11} 5. Qe2 5... Qe7 6. Bxc6 dxc6 7. Nd4 Qe5 8. Ne6 Bxe6 9. fxe6 9... Qxe6
$10) ({8:+0.13} 5. Ng1 5... Qg5 6. g4 Nd4 7. Bc4 Nf6 8. c3 8... b5 $10) 5...
Qe7 6. Bxc6 bxc6 7. Nd4 Qe5 8. c3 c5 9. Nb5 a6 10. Nxc7+ Qxc7 11. Qxe4+ Kf7 12.
Qxa8 ({9:+2.85} 12. Qxa8 12... Bb7 13. Qa7 Qe5+ 14. Kf1 Qd5 15. f3 Ne7 16. d4
16... c4 $18) ({9:+3.22} 12. Qd5+ 12... Kf6 13. Qxa8 Qe5+ 14. Kd1 Ne7 15. g4
Qf4 16. Qg2 Qa4+ 17. b3 17... Qf4 $18) 12... Bb7 13. Qa7 Bd6 14. f3 Ne7 15. Na3
Nc6 16. Nb5 axb5 17. Qa3 Re8+ 18. Kd1 c4 19. b4 Ne5 20. Qa5 Qc6 21. Qa7 Bc7 22.
Re1 Bb6 23. Qa3 d6 24. Re2 Ra8 25. Qb2 Nd3 26. Qc2 Re8 27. Bb2 Rxe2 28. Kxe2
Qd5 29. Kf1 Qe5 30. Qb1 Qxh2 31. Ke2 Qxg2+ 32. Kd1 Qxf3+ 33. Kc2 Be4 34. Ba3
Ne1+ 35. Kb2 Bxb1 36. Rxb1 Qe2 37. Kc1 Qd3 38. Rb2 Qf1 39. Rb1 0-1

[Event "ICS rated blitz match"]
[Site "207.99.83.227"]
[Date "1999.04.17"]
[Round "?"]
[White "Hossa"]
[Black "WWWebbyTWeasel"]
[Result "1-0"]
[WhiteElo "2536"]
[BlackElo "2153"]
[PlyCount "39"]

1. e4 e5 2. Nf3 Nc6 3. Bc4 Nf6 4. Ng5 d5 5. exd5 Nxd5 6. Qh5 Qd7 7. Qxf7+ Qxf7
8. Nxf7 Kxf7 9. Bxd5+ Be6 10. Bxc6 bxc6 11. Nc3 Bc5 12. Ne4 Bb6 13. Ng5+ Ke7
14. Nxe6 Kxe6 15. a4 Rhf8 16. f3 e4 17. a5 Bc5 18. fxe4 Rf2 19. b4 Bd4 20. c3 {
WWWebbyTWeasel resigns} 1-0

[Event "ICS rated blitz match"]
[Site "207.99.83.227"]
[Date "1999.04.17"]
[Round "?"]
[White "WWWebbyTWeasel"]
[Black "Hossa"]
[Result "0-1"]
[WhiteElo "2150"]
[BlackElo "2539"]
[PlyCount "58"]

1. e4 e5 2. f4 exf4 3. Nf3 Bb4 4. Bc4 Qe7 5. O-O Qc5+ 6. d4 Qxc4 7. Bxf4 Nf6 8.
b3 Qc6 9. c3 Be7 10. Nbd2 d5 11. e5 Nh5 12. Bg5 Bxg5 13. Nxg5 Qg6 14. Nxf7 O-O
15. Nh6+ Qxh6 16. Rxf8+ Kxf8 17. Qf3+ Ke8 18. Rf1 Be6 19. Qf8+ Kd7 20. Nf3 Qe3+
21. Kh1 b6 22. c4 Qh6 23. Nh4 dxc4 24. bxc4 Bxc4 25. d5 Bxd5 26. Rd1 c6 27. Nf5
Qe6 28. Nd6 Qxe5 29. Nb7 29... Kc7 {WWWebbyTWeasel resigns} 0-1

[Event "ICS rated blitz match"]
[Site "207.99.83.227"]
[Date "1999.04.17"]
[Round "?"]
[White "Hossa"]
[Black "WWWebbyTWeasel"]
[Result "1-0"]
[WhiteElo "2542"]
[BlackElo "2147"]
[PlyCount "61"]

1. e4 e5 2. Nf3 Nc6 3. Bc4 Nf6 4. Ng5 d5 5. exd5 Nxd5 6. Qh5 g6 7. Qf3 Qxg5 8.
Bxd5 Nd8 9. O-O c6 10. d3 Qf5 11. Qxf5 Bxf5 12. Bb3 Bg7 13. Nc3 O-O 14. f4 Ne6
15. fxe5 Bxe5 16. Bh6 Rfe8 17. Rae1 Bd4+ 18. Be3 Bg7 19. Bc4 Nd4 20. Rf2 Re7
21. a4 Rae8 22. Ne4 Bxe4 23. Bg5 Rd7 24. dxe4 h6 25. Bc1 Rde7 26. Ref1 Rf8 27.
c3 Ne6 28. Be3 b6 29. Rf3 f6 30. Bd4 Kf7 31. Bxf6 {WWWebbyTWeasel resigns} 1-0

[Event "ICS rated blitz match"]
[Site "207.99.83.227"]
[Date "1999.04.17"]
[Round "?"]
[White "WWWebbyTWeasel"]
[Black "Hossa"]
[Result "0-1"]
[WhiteElo "2144"]
[BlackElo "2545"]
[PlyCount "58"]

1. Nf3 Nf6 2. b3 d5 3. Bb2 Bg4 4. e3 Nc6 5. Be2 e6 6. h3 Bxf3 7. Bxf3 e5 8. a4
Bd6 9. h4 O-O 10. h5 e4 11. Be2 Ne8 12. h6 Qg5 13. hxg7 Nxg7 14. Kf1 Rae8 15.
Nc3 Re6 16. Nb5 Rg6 17. g4 Be5 18. Bxe5 Qxe5 19. d4 exd3 20. Bxd3 f5 21. gxf5
Nxf5 22. Ke1 a6 23. Qh5 Qxa1+ 24. Kd2 Rh6 25. Qg5+ Qg7 26. Qxg7+ Kxg7 27. Rxh6
Nxh6 28. Nxc7 Rxf2+ 29. Kc3 29... Ng4 {WWWebbyTWeasel resigns} 0-1

[Event "ICS rated blitz match"]
[Site "207.99.83.227"]
[Date "1999.04.17"]
[Round "?"]
[White "Hossa"]
[Black "WWWebbyTWeasel"]
[Result "1-0"]
[WhiteElo "2548"]
[BlackElo "2141"]
[PlyCount "27"]

1. e4 e5 2. Nf3 Nc6 3. Bb5 f5 4. exf5 e4 5. Qe2 Qe7 6. Bxc6 bxc6 7. Nd4 Qe5 8.
c3 c5 9. Nb5 a6 10. Nxc7+ Qxc7 11. Qxe4+ Kf7 12. Qd5+ Kf6 13. Qxa8 Bb7 14.
Qxf8+ {WWWebbyTWeasel resigns} 1-0

[Event "ICS rated blitz match"]
[Site "207.99.83.227"]
[Date "1999.04.17"]
[Round "?"]
[White "WWWebbyTWeasel"]
[Black "Hossa"]
[Result "0-1"]
[WhiteElo "2138"]
[BlackElo "2551"]
[PlyCount "46"]

1. e4 c5 2. Nc3 Nc6 3. f4 d6 4. Nf3 g6 5. Bb5 Bd7 6. O-O Bg7 7. f5 gxf5 8. exf5
Bxf5 9. Bxc6+ bxc6 10. Ng5 Nh6 11. Nxf7 Kxf7 12. Qh5+ Ke6 13. d3 Bg6 14. Qh3+
Nf5 15. Ne4 Bd4+ 16. Kh1 h6 17. c3 Be5 18. d4 cxd4 19. cxd4 Bxd4 20. Ng3 Qf8
21. Bd2 Be5 22. Rae1 Rg8 23. Bxh6 23... Qxh6 {WWWebbyTWeasel resigns} 0-1

[Event "ICS rated blitz match"]
[Site "207.99.83.227"]
[Date "1999.04.17"]
[Round "?"]
[White "Hossa"]
[Black "WWWebbyTWeasel"]
[Result "1-0"]
[WhiteElo "2554"]
[BlackElo "2135"]
[PlyCount "103"]

1. e4 e5 2. Nf3 Nc6 3. Bb5 f5 4. exf5 e4 5. Qe2 Qe7 6. Bxc6 bxc6 7. Nd4 Qe5 8.
c3 c5 9. Nb5 a6 10. Nxc7+ Qxc7 11. Qxe4+ Kf7 12. Qd5+ Ke7 13. Qxa8 Bb7 14. Qa7
Kf7 15. O-O Ne7 16. f6 gxf6 17. d3 Nc8 18. Bf4 Qc6 19. Qxb7 Qxb7 20. b3 d5 21.
Be3 Bd6 22. Nd2 Ne7 23. Nf3 Nf5 24. Bd2 Rg8 25. Rfe1 Qc7 26. Rad1 h5 27. Re2 h4
28. Kh1 h3 29. gxh3 d4 30. Re4 Rh8 31. h4 Be5 32. Rg1 dxc3 33. Nxe5+ fxe5 34.
Bxc3 Rxh4 35. Rg5 Kf6 36. Rxf5+ Kxf5 37. Rxh4 Qd7 38. Rh3 Kf4 39. Re3 e4 40.
dxe4 Qd1+ 41. Be1 Qc2 42. e5 c4 43. e6 cxb3 44. axb3 Qc6+ 45. Kg1 Qe8 46. e7
Qg6+ 47. Rg3 Qe6 48. Bd2+ Kf5 49. Rf3+ Kg6 50. Re3 Qxe3 51. Bxe3 Kf7 52. Bc5 {
WWWebbyTWeasel resigns} 1-0

[Event "ICS rated blitz match"]
[Site "207.99.83.227"]
[Date "1999.04.17"]
[Round "?"]
[White "WWWebbyTWeasel"]
[Black "Hossa"]
[Result "0-1"]
[WhiteElo "2132"]
[BlackElo "2557"]
[PlyCount "82"]

1. e4 c5 2. Nc3 Nc6 3. g3 Nf6 4. Bg2 e5 5. Nge2 Be7 6. O-O O-O 7. d3 d6 8. f4
Bg4 9. h3 Bd7 10. f5 Qb6 11. b3 c4+ 12. Kh1 cxb3 13. axb3 Rac8 14. Na4 Qc7 15.
Be3 Bd8 16. c4 Kh8 17. Nac3 a5 18. g4 h6 19. Bf3 Qb8 20. h4 Nb4 21. g5 hxg5 22.
hxg5 Nh7 23. Rg1 Rg8 24. Bh5 g6 25. fxg6 fxg6 26. Bg4 Rg7 27. Bxd7 Rxd7 28. Nd5
Nxd5 29. cxd5 Nxg5 30. Qf1 Rh7+ 31. Kg2 Rf7 32. Rh1+ Kg8 33. Qg1 Nf3 34. Qf2
Nh4+ 35. Qxh4 Bxh4 36. Rxh4 Rc2 37. Re1 Qd8 38. Rg4 Qf6 39. Rg3 Rxe2+ 40. Rxe2
Qf1+ 41. Kh2 41... Rh7+ {WWWebbyTWeasel resigns} 0-1

[Event "ICS rated blitz match"]
[Site "207.99.83.227"]
[Date "1999.04.17"]
[Round "?"]
[White "Hossa"]
[Black "WWWebbyTWeasel"]
[Result "1-0"]
[WhiteElo "2560"]
[BlackElo "2129"]
[PlyCount "73"]

1. e4 e5 2. Nf3 Nc6 3. Bb5 f5 4. exf5 e4 5. Qe2 Qe7 6. Bxc6 bxc6 7. Nd4 Qe5 8.
c3 c5 9. Nb5 a6 10. Nxc7+ Qxc7 11. Qxe4+ Kf7 12. Qd5+ Ke7 13. Qxa8 Bb7 14. Qa7
Kf7 15. O-O Bd6 16. f3 Ne7 17. Na3 Nc6 18. Nb5 axb5 19. Qa3 c4 20. b4 Ra8 21.
Qb2 Bxh2+ 22. Kh1 Bg3 23. d4 cxd3 24. Qd2 Ne5 25. Qg5 Nc4 26. f4 Ra7 27. Qxg3
d2 28. Bxd2 Nxd2 29. f6 gxf6 30. Rfd1 Ne4 31. Qh4 Kg7 32. Qg4+ Kh8 33. Rxd7
Nf2+ 34. Kg1 Nxg4 35. Rxc7 Ne3 36. Re1 Nd5 37. Re8# {WWWebbyTWeasel checkmated}
1-0

[Event "ICS rated blitz match"]
[Site "207.99.83.227"]
[Date "1999.04.17"]
[Round "?"]
[White "WWWebbyTWeasel"]
[Black "Hossa"]
[Result "0-1"]
[WhiteElo "2127"]
[BlackElo "2562"]
[PlyCount "64"]

1. e4 d6 2. d4 Nf6 3. Bc4 Nxe4 4. Bxf7+ Kxf7 5. Qh5+ g6 6. Qd5+ Kg7 7. Qxe4 Nc6
8. h4 Bf5 9. Qe3 Bxc2 10. h5 e5 11. h6+ Kf7 12. Nf3 Nxd4 13. Nxd4 exd4 14. Qxd4
Qf6 15. Be3 Qxd4 16. Bxd4 Rg8 17. Nd2 Re8+ 18. Kf1 c5 19. Bc3 d5 20. Nf3 d4 21.
Bd2 Bd3+ 22. Kg1 Re2 23. Re1 Rxe1+ 24. Bxe1 Kf6 25. Bd2 Bd6 26. Rh4 Ke7 27. Ng5
Rh8 28. Bf4 Bxf4 29. Rxf4 Bf5 30. g4 d3 31. Kf1 d2 32. Ke2 32... Rd8 {
WWWebbyTWeasel resigns} 0-1

[Event "ICS rated blitz match"]
[Site "207.99.83.227"]
[Date "1999.04.17"]
[Round "?"]
[White "Hossa"]
[Black "WWWebbyTWeasel"]
[Result "0-1"]
[WhiteElo "2564"]
[BlackElo "2125"]
[Annotator "Crafty v16.6"]
[PlyCount "73"]

{annotating for player ossa  using a scoring margin of +0.10 pawns.  search
time limit is 10.00} 1. e4 1... e5 2. Nf3 Nc6 3. Bb5 f5 4. exf5 e4 5. Qe2 ({
8:-0.11} 5. Qe2 5... Qe7 6. Bxc6 dxc6 7. Nd4 Qe5 8. Ne6 Bxe6 9. fxe6 9... Qxe6
$10) ({8:+0.13} 5. Ng1 5... Qg5 6. g4 Nd4 7. Bc4 Nf6 8. c3 8... b5 $10) 5...
Qe7 6. Bxc6 bxc6 7. Nd4 Qe5 8. c3 c5 9. Nb5 a6 10. Nxc7+ Qxc7 11. Qxe4+ Kf7 12.
Qd5+ Ke7 13. Qxa8 Bb7 14. Qa7 Kf7 15. O-O Ne7 16. f6 gxf6 17. Re1 Nc8 18. Qxb7
Qxb7 19. Kh1 d5 20. d4 Rg8 21. b3 Nd6 22. dxc5 Ne4 23. Kg1 Bxc5 24. Be3 d4 25.
cxd4 Bb4 26. Rf1 Nd2 27. f3 Nxf1 28. Kxf1 Qe7 29. Bd2 Re8 30. Nc3 Bxc3 31. Bxc3
Qe2+ 32. Kg1 Qe3+ 33. Kh1 Qxc3 34. Rg1 Qxd4 35. Rf1 Re2 36. Rg1 Qb2 37. h3 0-1

[Event "ICS rated blitz match"]
[Site "207.99.83.227"]
[Date "1999.04.17"]
[Round "?"]
[White "Masterchess"]
[Black "Hossa"]
[Result "1-0"]
[WhiteElo "2733"]
[BlackElo "2534"]
[Annotator "Crafty v16.6"]
[PlyCount "94"]

{annotating for player ossa  using a scoring margin of +0.10 pawns.  search
time limit is 10.00} 1. d4 1... Nf6 2. c4 g6 3. Nc3 Bg7 4. e4 d6 5. f3 O-O 6.
Bg5 Nc6 7. Nge2 e5 ({8:-0.04} 7... e5 8. d5 Ne7 9. Qd2 Bd7 10. Bh6 Bxh6 11.
Qxh6 11... Rc8 $10) ({8:+0.25} 7... Bd7 8. Ng3 e5 9. d5 Nd4 10. Nce2 h6 11.
Nxd4 11... exd4 $10) 8. d5 Nb4 9. Ng3 c6 10. a3 Na6 11. Qd2 Nc5 12. Qc2 h6 ({
7:+0.13} 12... h6 13. Be3 cxd5 14. cxd5 Qe7 15. b4 Ncd7 16. Bc4 $10) ({7:+0.33
} 12... Qb6 13. b4 Ncd7 14. Qd3 cxd5 15. cxd5 Qd4 16. Qxd4 16... exd4 $15) 13.
Be3 cxd5 14. cxd5 Kh8 15. Nb5 b6 16. b4 Nb7 17. Qc6 Ng8 18. Rc1 Ne7 19. Qc7
Qxc7 20. Rxc7 Ng8 21. Bd3 Nf6 22. O-O Ne8 23. Re7 Nf6 24. Rc1 Ng8 25. Rec7 f6
26. R1c6 h5 27. Nxd6 Nxd6 28. Rxd6 h4 29. Ne2 h3 30. Bb5 hxg2 31. Kxg2 a6 32.
Bd7 a5 33. Rxb6 Bxd7 34. Rxd7 Rfb8 35. bxa5 Bf8 36. d6 Rd8 37. Rxd8 Rxd8 38.
Bc5 Bh6 39. a6 Ra8 40. d7 Bf8 41. Bxf8 Rxf8 42. a7 Rd8 43. Rb8 Rxd7 44. a8=Q
Rg7 45. Nc3 Kh7 46. Nd5 f5 47. Nf6+ Kh6 1-0

[Event "ICS rated blitz match"]
[Site "207.99.83.227"]
[Date "1999.04.17"]
[Round "?"]
[White "Hossa"]
[Black "rajah"]
[Result "0-1"]
[WhiteElo "2526"]
[BlackElo "2426"]
[Annotator "Crafty v16.6"]
[PlyCount "166"]

{annotating for player ossa  using a scoring margin of +0.10 pawns.  search
time limit is 10.00} 1. e4 1... c6 2. Nc3 d5 3. d4 ({9:+0.05} 3. d4 3... Nf6 4.
e5 Ne4 5. Nxe4 dxe4 6. Bc4 b5 7. Bb3 7... Bf5 $10) ({9:+0.43} 3. exd5 3... cxd5
4. Bb5+ Bd7 5. Bxd7+ Qxd7 6. Nf3 d4 7. Ne2 d3 8. cxd3 Qxd3 9. O-O 9... Nf6 $14)
3... dxe4 4. Nxe4 Nf6 5. Nxf6+ exf6 6. Nf3 Nd7 7. Bd3 Bb4+ 8. c3 Bd6 9. O-O O-O
10. Qc2 Kh8 11. Bxh7 ({8:+0.31} 11. Bxh7 11... g6 12. Bxg6 fxg6 13. Qxg6 Re8
14. Qh5+ Kg7 15. Bh6+ 15... Kg8 $14) ({8:+0.42} 11. Re1 11... Nb6 12. Re4 Re8
13. Rh4 h6 14. Bf4 14... Kg8 $14) 11... g6 12. Bxg6 fxg6 13. Nh4 Re8 14. Bf4
Nf8 15. Bxd6 Qxd6 16. Nxg6+ Kg7 17. Nxf8 Qxf8 18. Qb3 Qf7 19. Qb4 Re2 20. b3
Qe6 21. c4 Qg4 22. Qc3 Bd7 23. d5 cxd5 24. cxd5 Rc8 25. Qd3 Rcc2 26. a3 Rcd2
27. Qc3 Qg5 28. d6 Bc6 29. Qg3 Qxg3 30. hxg3 Rxd6 31. Rad1 Rxd1 32. Rxd1 Ra2
33. a4 Ra3 34. Rb1 a5 35. Kh2 Kh8 36. g4 Bd5 37. Rd1 Bxb3 38. Rd3 Kg8 39. Kg3
Kf7 40. Re3 Kg7 41. Kh4 Kh7 42. f4 Kg6 43. Rg3 Kh6 44. Re3 b6 45. Rg3 Kg6 46.
g5 fxg5+ 47. Rxg5+ Kf6 48. Rg3 Ke6 49. Kg5 Kd5 50. f5 Kd6 51. f6 Ke6 52. Re3+
Kf7 53. g4 Kf8 54. Rg3 Ke8 55. Rc3 Kf7 56. Rd3 Kg8 57. Rh3 Kf7 58. Rf3 Ke8 59.
Rd3 Kf7 60. Rh3 Ke8 61. Rg3 Kf7 62. Rc3 Rxa4 63. Rxb3 Rb4 64. Rf3 a4 65. Kh5
Rb3 66. Rf2 Rh3+ 67. Kg5 Rb3 68. Rf4 a3 69. Ra4 Rb5+ 70. Kh4 Ra5 71. Rf4 a2 72.
Rf1 a1=Q 73. Rxa1 Rxa1 74. Kg5 Ra5+ 75. Kh4 b5 76. Kg5 b4+ 77. Kf4 b3 78. Ke3
b2 79. Kf3 b1=Q 80. Kg3 Qd3+ 81. Kf4 Ra4+ 82. Kg5 Qg6+ 83. Kh4 Qxg4# 0-1

[Event "ICS rated blitz match"]
[Site "207.99.83.227"]
[Date "1999.04.17"]
[Round "?"]
[White "Kob"]
[Black "Hossa"]
[Result "1-0"]
[WhiteElo "2150"]
[BlackElo "2506"]
[Annotator "Crafty v16.6"]
[PlyCount "71"]

{annotating for player ossa  using a scoring margin of +0.10 pawns.  search
time limit is 10.00} 1. e4 1... d6 2. d4 Nf6 3. Nc3 Nbd7 4. f4 Nb6 5. Nf3 e6 ({
8:-0.30} 5... e6 6. Qd3 Be7 7. Bd2 O-O 8. O-O-O c5 9. dxc5 9... dxc5 $10) ({
8:-0.19} 5... d5 6. e5 Ne4 7. Nxe4 dxe4 8. Ng5 Bf5 9. Be3 9... Qd5 $10) 6. Bd3
Be7 7. O-O O-O 8. Ne2 c5 9. c3 c4 10. Bc2 Bd7 11. Ng5 h6 12. e5 hxg5 13. exf6
Bxf6 14. fxg5 Bxg5 15. Nf4 Bh6 16. Rf3 e5 17. Nh5 Bg4 18. Bxh6 Bxf3 19. Qxf3
gxh6 20. Qf5 e4 21. Bxe4 Re8 22. Rf1 Qc7 23. Qh7+ Kf8 24. Qg7+ Ke7 25. Rxf7+
Kd8 26. Rxc7 Rc8 27. Rxb7 Rc6 28. Nf6 Kc8 29. Nxe8 d5 30. Rc7+ Kb8 31. Rxc6 Na8
32. Bxd5 h5 33. Ra6 Kc8 34. Rxa7 h4 35. Qd7+ Kb8 36. Qb7# 1-0

[Event "ICS rated bullet match"]
[Site "207.99.83.227"]
[Date "1999.04.17"]
[Round "?"]
[White "TDChess"]
[Black "Hossa"]
[Result "1-0"]
[WhiteElo "2463"]
[BlackElo "2479"]
[Annotator "Crafty v16.6"]
[PlyCount "193"]

{annotating for player ossa  using a scoring margin of +0.10 pawns.  search
time limit is 10.00} 1. d4 1... Nf6 2. Nf3 e6 3. e3 Be7 4. Nc3 O-O 5. Bd3 d5 6.
O-O c5 7. b3 Nc6 8. Ne5 Nb4 9. Bb5 a6 10. Be2 Qc7 11. Bb2 Bd6 12. f4 cxd4 13.
exd4 b6 14. Qd2 Bb7 15. a3 Nc6 16. Nxc6 Qxc6 17. Qe3 Rac8 18. a4 Kh8 19. Rad1
Rfe8 20. Rd3 Rg8 21. Qh3 Rcf8 22. Qh4 Bc8 23. Rh3 Bb4 24. Bd3 Nh5 25. Qxh5 h6
26. Qe5 f6 27. Qh5 f5 28. Na2 Bd6 29. Bc3 Bb7 30. Qg6 Qc7 31. Qxe6 Bxf4 32.
Rxf4 Qxf4 33. Qxb6 Bc8 34. Qc6 Rd8 35. Rg3 Qd6 36. Rg6 Qe7 37. Bxa6 Bxa6 38.
Qxa6 Rde8 39. Kf1 Qe3 40. Rg3 Qe4 41. Nb4 f4 42. Rf3 Rgf8 43. Kg1 Rc8 44. Qd6
Rf5 45. Kf1 Re8 46. Qd7 Re7 47. Qb5 Re6 48. Kg1 Re8 49. a5 Rg5 50. h4 Rf5 51.
a6 Qe6 52. a7 Kh7 53. Qb7 Qc8 54. Qxc8 Rxc8 55. g4 Rf7 56. Nxd5 Rxa7 57. Rxf4
g5 58. hxg5 hxg5 59. Rf2 Ra2 60. Nb4 Ra7 61. Bd2 Ra5 62. d5 Rb8 63. Rh2+ Kg6
64. Rh5 Re8 65. Rxg5+ Kf6 66. Rf5+ Kg6 67. c4 Ra3 68. Rf3 Re4 69. g5 Re2 70.
Rf2 Re4 71. Rf6+ Kg7 72. Rf3 Re2 73. Nc2 Ra2 74. Bc3+ Kg6 75. Nb4 Ra3 76. Kf1
Rh2 77. Nc6 Rxb3 78. Ne5+ Kh7 79. Re3 Rc2 80. Bd4 Rb8 81. g6+ Kg8 82. c5 Rh2
83. Nf3 Ra2 84. d6 Rc2 85. d7 Kf8 86. Re8+ Rxe8 87. g7+ Ke7 88. dxe8=Q+ Kxe8
89. g8=Q+ Ke7 90. Qh7+ Ke6 91. Qxc2 Kd7 92. c6+ Kc7 93. Qb3 Kd6 94. Qb7 Kd5 95.
c7+ Kc4 96. c8=Q+ Kd3 97. Qh7# 1-0

[Event "ICS rated blitz match"]
[Site "207.99.83.227"]
[Date "1999.04.17"]
[Round "?"]
[White "Cell"]
[Black "Hossa"]
[Result "0-1"]
[WhiteElo "2323"]
[BlackElo "2478"]
[PlyCount "42"]

1. Nf3 Nf6 2. c4 e6 3. Nc3 Bb4 4. g4 O-O 5. g5 Ne8 6. h4 d5 7. cxd5 exd5 8. a3
Ba5 9. d4 Bg4 10. Ne5 Be6 11. Bf4 f6 12. gxf6 Qxf6 13. e3 Bxc3+ 14. bxc3 Nc6
15. Nxc6 bxc6 16. Bd3 Bf5 17. Rb1 Bxd3 18. Qxd3 Qe7 19. Kd2 Qxa3 20. h5 Nd6 21.
Ke1 21... Ne4 {Cell resigns} 0-1

[Event "ICS rated blitz match"]
[Site "207.99.83.227"]
[Date "1999.04.17"]
[Round "?"]
[White "Hossa"]
[Black "grig"]
[Result "1-0"]
[WhiteElo "2487"]
[BlackElo "2192"]
[PlyCount "74"]

1. e4 c5 2. Bc4 e6 3. Nc3 Nc6 4. Nf3 a6 5. a4 Qc7 6. O-O Nf6 7. Re1 d6 8. d3
Be7 9. Ba2 O-O 10. Ne2 b5 11. c3 d5 12. exd5 exd5 13. Bg5 c4 14. Ned4 Nxd4 15.
Nxd4 bxa4 16. dxc4 dxc4 17. Qxa4 h6 18. Qxc4 Qxc4 19. Bxc4 Bc5 20. Bxf6 gxf6
21. Ra5 Bb6 22. Rd5 Rb8 23. b3 Kg7 24. Nf5+ Bxf5 25. Rxf5 a5 26. Rd5 Rg8 27.
Rd7 Rgf8 28. Ree7 Rbd8 29. Bd5 Rxd7 30. Rxd7 Rc8 31. Rxf7+ Kg6 32. Rb7 Bc5 33.
Bf7+ Kf5 34. Rb5 Ke4 35. Bg6+ f5 36. Rxa5 Rc6 37. Bxf5+ 37... Kxf5 {
grig resigns} 1-0

[Event "ICS rated blitz match"]
[Site "207.99.83.227"]
[Date "1999.04.17"]
[Round "?"]
[White "Hossa"]
[Black "grig"]
[Result "1-0"]
[WhiteElo "2492"]
[BlackElo "2180"]
[PlyCount "35"]

1. e4 e5 2. Nf3 Nc6 3. Bb5 a6 4. Bxc6 dxc6 5. O-O Bg4 6. h3 Bxf3 7. Qxf3 Ne7 8.
Qb3 Qc8 9. f4 exf4 10. Rxf4 f6 11. d4 Ng6 12. Rf1 Be7 13. e5 c5 14. exf6 Bxf6
15. Re1+ Kd8 16. Qd5+ Qd7 17. Qxb7 Qxd4+ 18. Be3 {grig resigns} 1-0

[Event "ICS rated blitz match"]
[Site "207.99.83.227"]
[Date "1999.04.17"]
[Round "?"]
[White "Hossa"]
[Black "grig"]
[Result "0-1"]
[WhiteElo "2501"]
[BlackElo "2171"]
[Annotator "Crafty v16.6"]
[PlyCount "82"]

{annotating for player ossa  using a scoring margin of +0.10 pawns.  search
time limit is 10.00} 1. e4 1... e5 2. Nf3 Nc6 3. Bb5 a6 4. Bxc6 dxc6 5. Nc3 Bg4
6. h3 Bxf3 7. Qxf3 Ne7 8. d3 ({8:-0.28} 8. d3 8... Ng6 9. Bd2 Bb4 10. a3 Bc5
11. Na4 11... Bd4 $10) ({8:-0.13} 8. h4 8... Ng6 9. h5 Ne7 10. h6 gxh6 11. Qf6
11... Ng6 $10) 8... Ng6 9. Bd2 Bc5 10. O-O-O O-O 11. Rdf1 ({8:-0.27} 11. Rdf1
11... Bb4 12. h4 Qd4 13. h5 Ne7 14. Be3 14... Qd6 $10) ({8:-0.14} 11. Kb1 11...
Rc8 12. Qf5 Bd4 13. Bg5 Ne7 14. Bxe7 Qxe7 15. Ne2 $10) 11... b5 12. Qh5 ({
8:-0.21} 12. Qh5 12... Bb4 13. Bg5 Qd6 14. Ne2 f6 15. Be3 15... Rad8 $10) ({
8:-0.03} 12. h4 12... h6 13. Qg4 Qc8 14. Qh5 Bd4 15. Kb1 15... Qe6 $10) 12...
Bd4 13. Ne2 a5 14. f4 exf4 15. Nxf4 b4 16. Nxg6 hxg6 17. Qg4 Be5 18. Be3 c5 19.
Bxc5 Re8 20. Qf3 Qd7 21. Kb1 a4 22. Bxb4 Rab8 23. c3 a3 24. d4 Rxb4 25. cxb4
Bxd4 26. Qxa3 Rxe4 27. Qd3 Qe6 28. Ka1 Bf6 29. Qb5 Re2 30. Rb1 c6 31. Qb8+ Kh7
32. b5 c5 33. Qf8 c4 34. Qb4 c3 35. Rbf1 Rxb2 36. Qa3 Rxb5 37. Rxf6 Qxf6 38.
Qe7 Qxe7 39. Rb1 c2 40. Rb2 c1=Q+ 41. Rb1 Rxb1# 0-1

[Event "ICS rated blitz match"]
[Site "207.99.83.227"]
[Date "1999.04.17"]
[Round "?"]
[White "lunarlander"]
[Black "Hossa"]
[Result "1-0"]
[WhiteElo "2097"]
[BlackElo "2473"]
[Annotator "Crafty v16.6"]
[PlyCount "163"]

{annotating for player ossa  using a scoring margin of +0.10 pawns.  search
time limit is 10.00} 1. e4 1... e5 2. Nf3 Nc6 3. Bb5 a6 4. Bxc6 dxc6 5. Nc3 Qd6
6. d4 exd4 7. Nxd4 c5 ({9:-0.57} 7... c5 8. Nd5 Qd8 9. Bf4 Bd6 10. Bxd6 Qxd6
11. Nb3 c6 12. Nb6 $14) ({9:-0.15} 7... Nf6 8. O-O Bg4 9. Qd3 O-O-O 10. Be3 c5
11. Nb3 11... Qe5 $10) 8. Nde2 Qxd1+ 9. Nxd1 Bg4 10. Bf4 Bxe2 ({9:-0.31} 10...
Bxe2 11. Kxe2 O-O-O 12. Nc3 Re8 13. Rhd1 Nf6 14. Kf3 Be7 15. Nd5 $14) ({9:+0.02
} 10... O-O-O 11. Ne3 Be6 12. O-O Nf6 13. Nc3 Rd4 14. Be5 14... Rd2 $10) 11.
Kxe2 O-O-O 12. Ne3 Bd6 ({9:-0.68} 12... Bd6 13. e5 Be7 14. Rad1 g5 15. Rxd8+
Bxd8 16. Bg3 Nh6 17. Rd1 17... Re8 $14) ({9:-0.24} 12... Re8 13. Kf3 Nf6 14.
Nd5 Nxd5 15. exd5 15... Bd6 $10) 13. Bxd6 Rxd6 14. Rad1 Re6 15. f3 Ne7 16. Rd2
f5 17. Nd5 fxe4 18. Nxe7+ Rxe7 19. f4 Rd7 20. Rxd7 Kxd7 21. Ke3 Re8 22. Rd1+
Kc6 23. g4 b5 24. h3 a5 25. Rd2 a4 26. a3 Re6 27. f5 Re5 28. Rd8 h5 29. Kf4 e3
30. Rd1 Rd5 31. Rxd5 Kxd5 32. Kxe3 Ke5 33. Kf3 h4 34. Ke3 b4 35. Kf3 c4 36. c3
b3 37. Ke3 c6 38. Kf3 Kf6 39. Kf4 Ke7 40. g5 Kf7 41. Kg4 Kf8 42. Kxh4 Ke7 43.
Kg4 Kf7 44. Kf4 g6 45. f6 Ke6 46. h4 Kf7 47. Ke4 Ke8 48. Kd4 Kd8 49. Kxc4 Ke8
50. Kb4 Kf8 51. Kxa4 Ke8 52. Kxb3 Kd7 53. Kc4 Kd6 54. a4 Kd7 55. Kc5 Ke6 56.
Kxc6 Kf7 57. Kd5 Ke8 58. a5 Kd7 59. b4 Ke8 60. b5 Kf7 61. Kd6 Ke8 62. c4 Kf7
63. c5 Ke8 64. c6 Kf8 65. b6 Ke8 66. a6 Kf8 67. Ke6 Kg8 68. c7 Kh7 69. b7 Kg8
70. a7 Kh7 71. f7 Kg7 72. Ke7 Kh7 73. c8=Q Kg7 74. b8=Q Kh7 75. a8=Q Kg7 76.
Qd8 Kh7 77. Qbc8 Kg7 78. Qab8 Kh7 79. Qe8 Kg7 80. Qcd8 Kh7 81. Qbc8 Kg7 82.
Qg8# 1-0

[Event "ICS rated blitz match"]
[Site "207.99.83.227"]
[Date "1999.04.17"]
[Round "?"]
[White "Hossa"]
[Black "blunite"]
[Result "1-0"]
[WhiteElo "2444"]
[BlackElo "2208"]
[PlyCount "57"]

1. e4 e5 2. Nf3 Nc6 3. Bb5 f5 4. exf5 d6 5. d4 e4 6. d5 a6 7. dxc6 axb5 8. cxb7
Bxb7 9. Nd4 Nf6 10. Nxb5 Be7 11. Nd4 O-O 12. Ne6 Qd7 13. Nxf8 Rxf8 14. Qe2 d5
15. Bf4 c5 16. g4 d4 17. Rg1 Nd5 18. Be5 Bf6 19. Bxf6 Rxf6 20. Nd2 Kh8 21. Nxe4
Rb6 22. Nxc5 Qc8 23. Nxb7 Rxb7 24. O-O-O Nb4 25. Kb1 Nd5 26. Qe6 Nc3+ 27. Ka1
Qxe6 28. fxe6 Nxd1 29. Rxd1 {blunite resigns} 1-0